Every NBA Team's All-Time Leader in 3-Point Makes - Statistics

General Stats
  • This quiz has been taken 279 times
  • The average score is 15 of 30
Answer Stats
Team FG Made Player % Correct
GSW 3,117 Steph Curry
100%
POR 2,143 Damian Lillard
97%
HOU 2,029 James Harden
97%
IND 2,560 Reggie Miller
95%
CLE 1,251 LeBron James
91%
DAL 1,982 Dirk Nowitzki
89%
LAL 1,827 Kobe Bryant
89%
OKL 1,143 Kevin Durant
80%
BOS 1,823 Paul Pierce
73%
WAS 1,434 Bradley Beal
70%
TOR 1,518 Kyle Lowry
66%
CHA 1,283 Kemba Walker
63%
SAS 1,495 Manu Ginobili
62%
MIL 1,202 Khris Middleton
61%
PHO 1,051 Steve Nash
55%
MEM 1,086 Mike Conley
50%
PHI 885 Allen Iverson
38%
MIN 779 Karl-Anthony Towns
35%
SAC 1,248 Buddy Hield
32%
DET 990 Joe Dumars
27%
BKN 842 Joe Harris
22%
NOP 628 Jrue Holiday
19%
MIA 806 Tim Hardaway
19%
UTA 1,071 Joe Ingles
16%
CHI 1,049 Kirk Hinrich
12%
NYK 982 John Starks
11%
ORL 981 Dennis Scott
8%
DEN 804 Will Barton
7%
ATL 1,050 Mookie Blaylock
2%
LAC 738 Eric Piatkowski
0%
No matching quizzes found
Score Distribution
Percent of People with Each Score
Percentile by Number Answered
Your Score History
You have not taken this quiz